Establishing the Financial Returns Arising from an Evaluation of a Retail Training Programme
Návrh hodnotenia školení pre asistentov predaja v maloobchodných reťazcoch na základe Kirkpatrickovho modelu a Phillipsovej modifikácie. Päť úrovní hodnotenia vzdelávania a ich využitie v praxi. Návratnosť investícií do vzdelávania.
Salvato in:
| Autore principale: | |
|---|---|
| Natura: | Capitolo di libro |
| Lingua: | inglese |
| Soggetti: | |
| Tags: |
Nessun Tag, puoi essere il primo ad aggiungerne!!
|
MARC
| LEADER | 00000naa a2200000 4500 | ||
|---|---|---|---|
| 001 | 0242851 | ||
| 005 | 20250318094530.2 | ||
| 041 | 0 | |a eng | |
| 044 | |a GB | ||
| 245 | 1 | 0 | |a Establishing the Financial Returns Arising from an Evaluation of a Retail Training Programme |c Cecília Olexová |
| 520 | |a Návrh hodnotenia školení pre asistentov predaja v maloobchodných reťazcoch na základe Kirkpatrickovho modelu a Phillipsovej modifikácie. Päť úrovní hodnotenia vzdelávania a ich využitie v praxi. Návratnosť investícií do vzdelávania. | ||
| 610 | 2 | 0 | |a vzdelávanie |
| 610 | 2 | 0 | |a zamestnanci |
| 610 | 2 | 0 | |a príprava odborná |
| 610 | 2 | 0 | |a maloobchod |
| 610 | 2 | 0 | |a predajcovia |
| 610 | 2 | 0 | |a reťazce obchodné |
| 610 | 2 | 0 | |a predaj |
| 610 | 2 | 0 | |a výnosy |
| 610 | 2 | 0 | |a návratnosť investícií |
| 100 | 1 | |a Olexová, Cecília, 1976- | |